[Event "57th ch-RUS Qualifier"]
[Site "Tomsk RUS"]
[Date "2004.05.29"]
[Round "7"]
[White "Smirnov,P"]
[Black "Khairullin,I"]
[Result "1-0"]
[WhiteElo "2601"]
[BlackElo "2481"]
[EventDate "2004.05.23"]

1. e4 c5 2. Nf3 Nc6 3. d4 cxd4 4. Nxd4 Nf6 5. Nc3 e5 6. Ndb5 d6 7. Bg5 a6
8. Na3 b5 9. Bxf6 gxf6 10. Nd5 Bg7 11. Bd3 Ne7 12. Nxe7 Qxe7 13. c4 f5 14.
O-O O-O 15. Qf3 d5 16. cxd5 fxe4 17. Bxe4 Rb8 18. Rad1 Rb6 19. Qd3 Rh6 20.
Bf5 Bxf5 21. Qxf5 e4 22. Rd2 Qh4 23. h3 Rh5 24. Qg4 Qxg4 25. hxg4 Rh4 26.
Nc2 Rxg4 27. Ne3 Rg5 28. d6 Rd8 29. Rc1 Bf8 30. d7 Be7 31. Rc8 Kf8 32. Rd5
f6 33. Rxg5 fxg5 34. Ng4 Kf7 35. Rc6 Bf8 36. Ne5+ Ke7 37. Rxa6 1-0

[Event "57th ch-RUS Qualifier"]
[Site "Tomsk RUS"]
[Date "2004.05.29"]
[Round "7"]
[White "Nazarov,N"]
[Black "Yagupov,I"]
[Result "0-1"]
[WhiteElo "2256"]
[BlackElo "2441"]
[EventDate "2004.05.23"]

1. e4 c5 2. Nf3 e6 3. d4 cxd4 4. Nxd4 Nf6 5. Nc3 Nc6 6. Ndb5 d6 7. Bf4 e5
8. Bg5 a6 9. Na3 b5 10. Nd5 Be7 11. Nxe7 Nxe7 12. Bxf6 gxf6 13. Qf3 f5 14.
exf5 Bxf5 15. Bd3 Be6 16. O-O O-O 17. c4 f5 18. Rfd1 e4 19. Qg3+ Ng6 20.
Bf1 f4 21. Qc3 bxc4 22. Nxc4 d5 23. Nd2 Qg5 24. f3 Rac8 25. Qa5 Ne5 26.
Qxa6 Rf6 27. Qe2 Rh6 28. Rac1 Rxc1 29. Rxc1 e3 30. Nb3 Nxf3+ 31. Qxf3 Bg4
32. Qxd5+ Qxd5 33. Bc4 Be6 34. Bxd5 Bxd5 35. Re1 Rg6 36. g3 h5 37. Nd4 Rg5
38. a4 h4 39. Rf1 fxg3 40. hxg3 hxg3 41. Ne2 Rh5 42. Nxg3 Rh3 43. Re1 Rxg3+
44. Kh2 Rg2+ 45. Kh3 e2 46. b4 Kf7 47. b5 Ke6 48. a5 Kf5 49. a6 Kf4 0-1

[Event "57th ch-RUS Qualifier"]
[Site "Tomsk RUS"]
[Date "2004.05.29"]
[Round "7"]
[White "Bocharov,D"]
[Black "Shariyazdanov,A"]
[Result "1-0"]
[WhiteElo "2567"]
[BlackElo "2575"]
[EventDate "2004.05.23"]

1. d4 e6 2. c4 Bb4+ 3. Bd2 a5 4. Nf3 d6 5. g3 Nc6 6. Bg2 Bxd2+ 7. Qxd2 e5
8. Nc3 exd4 9. Nxd4 Nge7 10. O-O O-O 11. Ndb5 Be6 12. Nd5 Rc8 13. Rfd1 Qd7
14. Rac1 Bxd5 15. cxd5 Nb4 16. Nc3 Na6 17. b3 Ng6 18. a3 Nc5 19. Qc2 f5 20.
e3 Ne5 21. b4 axb4 22. axb4 Na6 23. Qb1 g5 24. Ne2 Rf6 25. Nd4 f4 26. Ne6
fxe3 27. fxe3 g4 28. Rf1 Qf7 29. Rf4 Ng6 30. Rxg4 c5 31. Be4 Kh8 32. Bxg6
hxg6 33. Qa1 Kg8 34. Ng5 1-0

[Event "57th ch-RUS Qualifier"]
[Site "Tomsk RUS"]
[Date "2004.05.29"]
[Round "7"]
[White "Inarkiev,E"]
[Black "Rustemov,A"]
[Result "1/2-1/2"]
[WhiteElo "2595"]
[BlackElo "2593"]
[EventDate "2004.05.23"]

1. e4 e6 2. d4 d5 3. Nc3 Bb4 4. e5 c5 5. a3 Bxc3+ 6. bxc3 Qa5 7. Bd2 Ne7 8.
Nf3 Nbc6 9. Bd3 c4 10. Be2 Bd7 11. O-O Qa4 12. Re1 O-O-O 13. g3 h6 14. Bf1
Rdf8 15. h4 Qa5 16. Bh3 Kb8 17. a4 Ka8 18. Bc1 Qxc3 19. Bd2 Qb2 20. Rb1 Qa2
21. Ra1 Qb2 22. Rb1 1/2-1/2

[Event "57th ch-RUS Qualifier"]
[Site "Tomsk RUS"]
[Date "2004.05.29"]
[Round "7"]
[White "Dvoirys,S"]
[Black "Kornev,Alexe"]
[Result "1-0"]
[WhiteElo "2612"]
[BlackElo "2582"]
[EventDate "2004.05.23"]

1. e4 c6 2. Nc3 d5 3. g3 e5 4. Nf3 d4 5. Ne2 Bd6 6. Bg2 c5 7. d3 Nc6 8. O-O
Nf6 9. Nh4 O-O 10. Kh1 Bd7 11. Ng1 Re8 12. Bh3 c4 13. Bxd7 Nxd7 14. dxc4
Nc5 15. f3 Bf8 16. Nh3 d3 17. c3 a5 18. b3 Qd7 19. Nf2 Red8 20. Be3 Na7 21.
Qd2 b5 22. cxb5 Nxb5 23. Rfd1 Ra6 24. Rac1 g6 25. Ng2 f5 26. Bxc5 Bxc5 27.
Qxd3 Qxd3 28. Nxd3 Rad6 29. Nge1 fxe4 30. fxe4 Na3 31. Nb2 Nb5 32. Rxd6
Rxd6 33. Nc4 Rd8 34. Nf3 Rd3 35. Nfxe5 Rxc3 36. Rxc3 Nxc3 37. a4 Bb4 38.
Nc6 Nxe4 39. N4xa5 Be1 40. Nb7 Nc3 41. a5 Nb5 42. Kg2 1-0

[Event "57th ch-RUS Qualifier"]
[Site "Tomsk RUS"]
[Date "2004.05.29"]
[Round "7"]
[White "Filippov,Va"]
[Black "Khismatullin,D"]
[Result "0-1"]
[WhiteElo "2639"]
[BlackElo "2537"]
[EventDate "2004.05.23"]

1. c4 e5 2. Nc3 Nf6 3. Nf3 Nc6 4. e3 Bb4 5. Nd5 O-O 6. Nxb4 Nxb4 7. Nxe5
Qe7 8. Nf3 c5 9. a3 Nc6 10. Be2 d5 11. cxd5 Nxd5 12. O-O Bg4 13. d3 Rad8
14. Bd2 Rd6 15. Rc1 Rg6 16. Kh1 Rd8 17. h3 Bxf3 18. Bxf3 b6 19. Qe2 Re6 20.
Bg4 Red6 21. Rfd1 Ne5 22. Bf5 g6 23. Be4 Nf6 24. Bc3 Nxe4 25. dxe4 Nd3 26.
Rxd3 Rxd3 27. Qf3 Qd6 28. e5 Qe6 29. g4 Qd5 30. Kg2 Qe6 31. h4 a5 32. h5
gxh5 33. gxh5 Kh8 34. h6 Qxh6 35. Qxf7 Rf8 36. e6+ Rxc3 37. e7 Qc6+ 0-1

[Event "57th ch-RUS Qualifier"]
[Site "Tomsk RUS"]
[Date "2004.05.29"]
[Round "7"]
[White "Ulibin,M"]
[Black "Yudin,S"]
[Result "1-0"]
[WhiteElo "2579"]
[BlackElo "2425"]
[EventDate "2004.05.23"]

1. d4 d5 2. c4 e6 3. Nf3 c6 4. e3 Bd6 5. Bd3 f5 6. O-O Nf6 7. b3 Qe7 8. Bb2
O-O 9. Qc1 b6 10. Ba3 Bb7 11. Bxd6 Qxd6 12. Qa3 c5 13. Nc3 Nc6 14. dxc5
bxc5 15. Nb5 Qe7 16. cxd5 Nxd5 17. Qb2 f4 18. Rae1 Rad8 19. Bc4 Nb6 20. Na3
Nb4 21. Qe2 Nxc4 22. Nxc4 Be4 23. Nce5 Nd3 24. Rd1 Nxe5 25. Nxe5 Bxg2 26.
Kxg2 Rxd1 27. Qxd1 Qg5+ 28. Ng4 h5 29. h4 Qg6 30. Kh3 hxg4+ 31. Qxg4 Qxg4+
32. Kxg4 fxe3 33. f3 Rd8 34. Re1 Rd3 35. Kf4 Kf7 36. Rxe3 Rxe3 37. Kxe3 Kg6
38. Kf4 Kh5 39. Kg3 e5 40. Kh3 a5 41. Kg3 a4 42. bxa4 c4 1-0

[Event "57th ch-RUS Qualifier"]
[Site "Tomsk RUS"]
[Date "2004.05.29"]
[Round "7"]
[White "Kiriakov,P"]
[Black "Gajsin,E"]
[Result "1/2-1/2"]
[WhiteElo "2568"]
[BlackElo "2404"]
[EventDate "2004.05.23"]

1. d4 Nf6 2. c4 g6 3. Nf3 Bg7 4. Nc3 d5 5. Bg5 dxc4 6. e3 Be6 7. Be2 O-O 8.
O-O c5 9. Qa4 cxd4 10. Nxd4 Nbd7 11. Rfd1 Nb6 12. Qa3 Bd7 13. Bf3 Qb8 14.
Qxe7 Re8 15. Qa3 Ng4 16. Bf4 Ne5 17. Ne4 f5 18. Nc5 Bf8 19. Qa5 Bc8 20. Qb5
Kf7 21. a4 Qc7 22. Nce6 Rxe6 23. Nxe6 Kxe6 24. a5 Nbd7 25. Qd5+ Kf6 26. a6
Nxf3+ 27. gxf3 Qc6 28. axb7 Bxb7 29. Qxd7 Qxf3 30. Qd4+ Kf7 31. Qxc4+ Ke8
32. Qe6+ Be7 33. Qg8+ Bf8 34. Qe6+ Be7 35. Qg8+ 1/2-1/2

[Event "57th ch-RUS Qualifier"]
[Site "Tomsk RUS"]
[Date "2004.05.29"]
[Round "7"]
[White "Frolov,D"]
[Black "Sherbakov,R"]
[Result "0-1"]
[WhiteElo "2401"]
[BlackElo "2564"]
[EventDate "2004.05.23"]

1. e4 c5 2. Nf3 d6 3. Bb5+ Nd7 4. d4 Ngf6 5. Nc3 cxd4 6. Qxd4 e5 7. Qd3 h6
8. Be3 Be7 9. Bc4 Nb6 10. Bxb6 Qxb6 11. O-O Be6 12. Bb3 Rc8 13. Rfd1 Nh5
14. h3 O-O 15. Nh2 Nf4 16. Qf3 Kh8 17. Nf1 f5 18. Bxe6 fxe4 19. Nxe4 Nxe6
20. Qb3 Qxb3 21. axb3 Rxc2 22. Rxa7 Bh4 23. g3 Ng5 24. Nfd2 d5 25. gxh4
Nxh3+ 26. Kg2 Nf4+ 27. Kf1 Nd3 28. Rxb7 dxe4 29. Ke2 Rd8 30. Ke3 Nf4 31.
Rg1 Rcxd2 32. Kxe4 Re2+ 0-1

[Event "57th ch-RUS Qualifier"]
[Site "Tomsk RUS"]
[Date "2004.05.30"]
[Round "8"]
[White "Inarkiev,E"]
[Black "Jakovenko,D"]
[Result "1-0"]
[WhiteElo "2595"]
[BlackElo "2582"]
[EventDate "2004.05.23"]

1. e4 e5 2. Nf3 Nc6 3. Bb5 a6 4. Ba4 Nf6 5. Nc3 Be7 6. d3 d6 7. Bxc6+ bxc6
8. d4 exd4 9. Qxd4 O-O 10. Bf4 Be6 11. O-O-O Qc8 12. Rhe1 Qb7 13. Kb1 a5
14. Bc1 Nd7 15. Qe3 Bf6 16. Nd4 Ne5 17. b3 a4 18. Nxe6 fxe6 19. Qh3 Kh8 20.
f4 Nc4 21. e5 dxe5 22. Qxe6 axb3 23. cxb3 Nd6 24. fxe5 Rae8 25. exf6 Rxe6
26. fxg7+ Kxg7 27. Rxe6 Rf2 28. Ne4 Rxg2 29. Re7+ Kf8 30. Nxd6 Qa6 31. Re8+
Kg7 32. Bb2+ Rxb2+ 33. Kxb2 cxd6 34. Rxd6 Qb5 35. Rd2 Qg5 36. Rd7+ Kf6 37.
Re2 c5 38. Rd3 Qf4 39. Rc3 Qd4 40. Rec2 Ke6 41. a3 c4 42. b4 1-0

[Event "57th ch-RUS Qualifier"]
[Site "Tomsk RUS"]
[Date "2004.05.30"]
[Round "8"]
[White "Rustemov,A"]
[Black "Bocharov,D"]
[Result "1-0"]
[WhiteElo "2593"]
[BlackElo "2567"]
[EventDate "2004.05.23"]

1. d4 d5 2. c4 c6 3. Nc3 Nf6 4. e3 e6 5. Nf3 Nbd7 6. Qc2 Bd6 7. g4 dxc4 8.
Bxc4 Qe7 9. e4 e5 10. g5 Nh5 11. Be3 g6 12. Be2 exd4 13. Nxd4 Nf4 14. O-O-O
Ng2 15. Bd2 Nc5 16. Bf1 Nh4 17. Be3 Bg4 18. Be2 Bxe2 19. Qxe2 Ng2 20. e5
Bxe5 21. Nxc6 bxc6 22. Bxc5 Qxg5+ 23. Rd2 Rd8 24. Rhd1 Rxd2 25. Rxd2 f6 26.
Qd3 Kf7 27. Qd7+ Kg8 28. Qe7 h5 29. Kc2 Ne1+ 30. Kd1 1-0

[Event "57th ch-RUS Qualifier"]
[Site "Tomsk RUS"]
[Date "2004.05.30"]
[Round "8"]
[White "Iskusnyh,S"]
[Black "Filippov,Va"]
[Result "0-1"]
[WhiteElo "2507"]
[BlackElo "2639"]
[EventDate "2004.05.23"]

1. d4 d5 2. c4 e6 3. Nf3 Nf6 4. g3 c6 5. Bg2 Nbd7 6. O-O Be7 7. Qc2 O-O 8.
b3 b6 9. Nc3 Ba6 10. e4 dxc4 11. bxc4 Bxc4 12. Rd1 Rc8 13. a4 Ba6 14. Bf4
Re8 15. h4 Bb7 16. Rab1 b5 17. Qa2 b4 18. e5 Nd5 19. Nxd5 cxd5 20. a5 Ba6
21. Bd2 Bc4 22. Qa4 b3 23. Bf1 Nb8 24. Rdc1 Qd7 25. Qxd7 Nxd7 26. Be1 f6
27. Bxc4 Rxc4 28. Nd2 Rxc1 29. Rxc1 b2 30. Rc2 Rb8 31. Nb1 Bb4 32. Kf1 fxe5
33. Rc7 exd4 34. a6 Nc5 35. Rxa7 Bxe1 36. Kxe1 Rc8 37. Ke2 e5 38. Na3 e4
39. h5 d3+ 40. Kd2 Nb3+ 0-1

[Event "57th ch-RUS Qualifier"]
[Site "Tomsk RUS"]
[Date "2004.05.30"]
[Round "8"]
[White "Khairullin,I"]
[Black "Kobalia,M"]
[Result "0-1"]
[WhiteElo "2481"]
[BlackElo "2630"]
[EventDate "2004.05.23"]

1. e4 e5 2. Nf3 Nc6 3. Bb5 g6 4. O-O Bg7 5. c3 a6 6. Ba4 d6 7. d4 Bd7 8.
Re1 Nge7 9. Be3 O-O 10. dxe5 dxe5 11. Nbd2 Qe8 12. b4 Kh8 13. Bc2 f5 14.
exf5 gxf5 15. Nb3 b6 16. a4 e4 17. Nfd4 Ne5 18. Bd2 Rc8 19. Ne2 Nc4 20. a5
Nd5 21. axb6 cxb6 22. Bh6 Bxh6 23. Qxd5 Bb5 24. Ned4 Qe5 25. Qxe5+ Nxe5 26.
Nxb5 axb5 27. Nd4 Bd2 28. Nxb5 Bxe1 29. Rxe1 Rfd8 30. Bb3 Nd3 31. Ra1 Nf4
32. Kf1 Rd2 33. g3 Nd3 34. Ra2 Rxa2 35. Bxa2 Ra8 36. Bc4 Kg7 37. Ke2 Ne5
38. Bd5 Ra1 39. Nd6 Kf6 40. Nc8 Nf3 41. Ke3 Ke5 42. Bc4 Re1+ 43. Be2 Ng1
44. f4+ exf3 0-1

[Event "57th ch-RUS Qualifier"]
[Site "Tomsk RUS"]
[Date "2004.05.30"]
[Round "8"]
[White "Lastin,A"]
[Black "Ulibin,M"]
[Result "1-0"]
[WhiteElo "2622"]
[BlackElo "2579"]
[EventDate "2004.05.23"]

1. d4 e6 2. c4 f5 3. g3 Nf6 4. Bg2 c6 5. Nc3 d5 6. Nh3 Bd6 7. O-O O-O 8.
Qb3 Nbd7 9. Bf4 Be7 10. Ng5 Nb6 11. c5 Nc4 12. Qc2 b6 13. b3 Na5 14. Na4
Nh5 15. Nh3 Nxf4 16. Nxf4 Bf6 17. e3 g5 18. Nd3 Ba6 19. Nab2 Qe7 20. Rfd1
Bxd3 21. Nxd3 Rfc8 22. a4 Nb7 23. b4 bxc5 24. bxc5 Na5 25. Nb4 Rab8 26. Na6
Rb3 27. Bf1 Qb7 28. Rab1 Rf8 29. Bd3 g4 30. Qe2 Kg7 31. Bc2 Rxb1 32. Rxb1
Qd7 33. Bd3 h5 34. Qb2 Qc8 35. Nb4 Qd7 36. Qc3 Bd8 37. Ba6 Bc7 38. Nd3 Qd8
39. Nf4 Bxf4 40. exf4 Qc7 41. Rb2 Kf7 42. Qe1 Ke7 43. Kg2 Kd7 44. h3 gxh3+
45. Kxh3 h4 46. Kg2 Rh8 47. Bd3 hxg3 48. fxg3 Rh6 49. Re2 Qd8 50. Qb4 Qc7
51. Qb1 Kd8 52. Qe1 Nb3 53. Rxe6 Rxe6 54. Qxe6 Qd7 55. Qf6+ Kc7 56. Qe5+
Kb7 57. Bc2 Nd2 58. Bxf5 Qf7 59. g4 Nc4 60. Qe6 Qxe6 61. Bxe6 Ne3+ 62. Kf2
Nc2 63. g5 Nxd4 64. f5 Nb3 65. g6 Nxc5 66. g7 Ne4+ 67. Ke3 Nf6 68. g8=Q
Nxg8 69. Bxg8 1-0

[Event "57th ch-RUS Qualifier"]
[Site "Tomsk RUS"]
[Date "2004.05.30"]
[Round "8"]
[White "Sherbakov,R"]
[Black "Kornev,Alexe"]
[Result "1/2-1/2"]
[WhiteElo "2564"]
[BlackElo "2582"]
[EventDate "2004.05.23"]

1. e4 d6 2. d4 Nf6 3. Nc3 g6 4. Bg5 Bg7 5. Qd2 h6 6. Be3 c6 7. f3 b5 8. Bd3
Nbd7 9. Nge2 e5 10. O-O h5 11. d5 cxd5 12. Nxd5 Nxd5 13. exd5 a6 14. a4
bxa4 15. Rxa4 O-O 16. Rfa1 e4 17. Bxe4 Bxb2 18. Re1 Bg7 19. Nd4 Ne5 20. Nc6
Qd7 21. f4 Ng4 22. Bd4 Re8 23. Raa1 Bb7 24. c4 Bxc6 25. dxc6 Qe6 26. Bxg7
Kxg7 27. c7 d5 28. Qxd5 Qb6+ 29. c5 Qb2 30. h3 Qf2+ 31. Kh1 Rac8 32. Rf1
Qe3 33. Rae1 Nf6 34. Rxe3 Nxd5 35. Ree1 Nb4 36. Bf3 Rxe1 37. Rxe1 Rxc7 38.
c6 Kf6 39. g3 Rc8 40. Ra1 Ke7 41. g4 Kf6 42. Re1 1/2-1/2

[Event "57th ch-RUS Qualifier"]
[Site "Tomsk RUS"]
[Date "2004.05.30"]
[Round "8"]
[White "Maletin,P"]
[Black "Kiriakov,P"]
[Result "1/2-1/2"]
[WhiteElo "2423"]
[BlackElo "2568"]
[EventDate "2004.05.23"]

1. Nf3 Nf6 2. g3 d5 3. Bg2 e6 4. O-O Be7 5. d4 O-O 6. c4 dxc4 7. Ne5 Nc6 8.
Bxc6 bxc6 9. Nxc6 Qe8 10. Nxe7+ Qxe7 11. Qa4 e5 12. dxe5 Qxe5 13. Qxc4 Be6
14. Qd3 Rad8 15. Qe3 Qa5 16. Nc3 Bh3 17. Re1 Rfe8 18. Qf3 Bg4 19. Qc6 Re6
20. Qb5 Qxb5 21. Nxb5 Rxe2 22. Bf4 Rxb2 23. Nxa7 Bf3 24. Rab1 Rxa2 25. Bxc7
Ra8 26. Bb6 h6 27. Ra1 Rd2 28. Be3 Rd3 29. Nb5 Rad8 30. Ra3 Rd1 31. Ra1
R1d3 32. Na3 Ng4 33. Nc4 R8d5 34. h4 f6 35. Ra2 Rd1 36. Ra1 R1d3 37. Ra2
Rd8 38. Rd2 g5 39. hxg5 hxg5 40. Rxd3 Rxd3 41. Bc1 Rd7 42. Nd2 Bb7 43. Ne4
Rc7 44. Bb2 Kf7 45. f3 Bxe4 1/2-1/2

[Event "57th ch-RUS Qualifier"]
[Site "Tomsk RUS"]
[Date "2004.05.30"]
[Round "8"]
[White "Yudin,S"]
[Black "Nazarov,N"]
[Result "1-0"]
[WhiteElo "2425"]
[BlackElo "2256"]
[EventDate "2004.05.23"]

1. e4 c5 2. c3 d5 3. exd5 Qxd5 4. d4 Nf6 5. Nf3 Bg4 6. dxc5 Qxd1+ 7. Kxd1
e5 8. b4 e4 9. h3 Bh5 10. g4 Nxg4 11. hxg4 Bxg4 12. Nbd2 exf3 13. Bd3 Nd7
14. Re1+ Be6 15. Nxf3 O-O-O 16. Kc2 Bd5 17. Nd4 g6 18. Bf4 a6 19. c6 Nf6
20. b5 axb5 21. c7 Rd7 22. Nxb5 1-0

[Event "57th ch-RUS Qualifier"]
[Site "Tomsk RUS"]
[Date "2004.05.30"]
[Round "8"]
[White "Loskutov,O"]
[Black "Frolov,D"]
[Result "1/2-1/2"]
[WhiteElo "2433"]
[BlackElo "2401"]
[EventDate "2004.05.23"]

1. e4 d5 2. exd5 Nf6 3. d4 Nxd5 4. c4 Nb6 5. Nc3 g6 6. Nf3 Bg7 7. c5 Nd5 8.
Bc4 c6 9. Qb3 O-O 10. O-O Nxc3 11. bxc3 b5 12. cxb6 axb6 13. Ng5 e6 14. Re1
h6 15. Ne4 Ba6 16. Bxa6 Rxa6 17. Ba3 Re8 18. Bd6 f5 19. Bxb8 Qxb8 20. Nd2
Qd6 21. Nf3 b5 22. Ne5 Kh7 23. Nd3 Ra3 24. Qb2 Rea8 25. Re2 Rxc3 26. Qxc3
Bxd4 27. Qe1 Bxa1 28. Qxa1 Qxd3 29. Rxe6 Qd7 30. Qe1 Ra7 31. h4 h5 32. Qe5
Qg7 33. Qd6 Rd7 34. Qxc6 Rd1+ 35. Kh2 Qd4 36. Qc7+ Kh6 37. Qg3 Qg4 38. Rb6
1/2-1/2